[Event "2024 US National High School (K-12) Championship"]
[Site "Baltimore, Maryland, United States"]
[Date "2024.04.05"]
[Round "2.1"]
[White "Gupta, Arnav Tamnash"]
[Black "Wang, Jason"]
[Result "0-1"]
[TimeControl "G/90; d10"]
[BlackTitle "IM"]
[WhiteFideId "30951984"]
[BlackFideId "30908124"]
[WhiteElo "2163"]
[BlackElo "2563"]

1. b3 {[%clk 01:30:00]} {[%emt 00:00:07]} e5 {[%clk 01:30:00]} {[%emt
00:00:07]} 2. Bb2 {[%clk 01:30:00]} {[%emt 00:00:04]} Nc6 {[%clk 01:30:00]}
{[%emt 00:00:02]} 3. c4 {[%clk 01:29:51]} {[%emt 00:00:19]} Nf6 {[%clk
01:30:00]} {[%emt 00:00:02]} 4. e3 {[%clk 01:29:51]} {[%emt 00:00:06]} d5
{[%clk 01:30:00]} {[%emt 00:00:02]} 5. cxd5 {[%clk 01:29:51]} {[%emt 00:00:02]}
Nxd5 {[%clk 01:30:00]} {[%emt 00:00:05]} 6. a3 {[%clk 01:29:51]} {[%emt
00:00:02]} Bd6 {[%clk 01:29:56]} {[%emt 00:00:14]} 7. d3 {[%clk 01:29:51]}
{[%emt 00:00:07]} f5 {[%clk 01:24:32]} {[%emt 00:05:33]} 8. Nd2 {[%clk
01:29:40]} {[%emt 00:00:21]} Qe7 {[%clk 01:23:01]} {[%emt 00:01:42]} 9. Qc2
{[%clk 01:28:54]} {[%emt 00:00:55]} Be6 {[%clk 01:20:48]} {[%emt 00:02:23]} 10.
Ngf3 {[%clk 01:28:14]} {[%emt 00:00:50]} g5 {[%clk 01:14:26]} {[%emt 00:06:33]}
11. Nc4 {[%clk 01:25:03]} {[%emt 00:03:20]} Bd7 {[%clk 01:10:14]} {[%emt
00:04:23]} 12. d4 {[%clk 01:22:27]} {[%emt 00:02:46]} e4 {[%clk 01:05:54]}
{[%emt 00:04:30]} 13. Nfe5 {[%clk 01:19:39]} {[%emt 00:02:57]} Bxe5 {[%clk
01:05:32]} {[%emt 00:00:33]} 14. Nxe5 {[%clk 01:19:27]} {[%emt 00:00:21]} Nxe5
{[%clk 01:04:23]} {[%emt 00:01:19]} 15. dxe5 {[%clk 01:19:27]} {[%emt
00:00:03]} Be6 {[%clk 01:03:42]} {[%emt 00:00:50]} 16. Bc4 {[%clk 01:14:51]}
{[%emt 00:04:46]} O-O-O {[%clk 00:58:25]} {[%emt 00:05:28]} 17. O-O-O {[%clk
01:10:19]} {[%emt 00:04:41]} Rhe8 {[%clk 00:54:59]} {[%emt 00:03:37]} 18. Rd2
{[%clk 00:57:31]} {[%emt 00:12:59]} Nb6 {[%clk 00:54:07]} {[%emt 00:01:01]} 19.
Bxe6+ {[%clk 00:56:36]} {[%emt 00:01:06]} Qxe6 {[%clk 00:54:07]} {[%emt
00:00:02]} 20. Rhd1 {[%clk 00:56:36]} {[%emt 00:00:05]} Rxd2 {[%clk 00:48:27]}
{[%emt 00:05:51]} 21. Rxd2 {[%clk 00:56:32]} {[%emt 00:00:13]} Nd7 {[%clk
00:48:20]} {[%emt 00:00:16]} 22. Rd6 {[%clk 00:51:18]} {[%emt 00:05:24]} Qf7
{[%clk 00:47:45]} {[%emt 00:00:46]} 23. e6 {[%clk 00:49:01]} {[%emt 00:02:28]}
Rxe6 {[%clk 00:47:40]} {[%emt 00:00:14]} 24. Qc4 {[%clk 00:49:01]} {[%emt
00:00:08]} Re7 {[%clk 00:46:26]} {[%emt 00:01:24]} 25. Qxf7 {[%clk 00:38:15]}
{[%emt 00:10:56]} Rxf7 {[%clk 00:46:26]} {[%emt 00:00:05]} 26. Rh6 {[%clk
00:38:15]} {[%emt 00:00:02]} Nc5 {[%clk 00:43:19]} {[%emt 00:03:18]} 27. Kc2
{[%clk 00:38:15]} {[%emt 00:00:05]} Nd3 {[%clk 00:35:39]} {[%emt 00:07:50]} 28.
Bf6 {[%clk 00:36:03]} {[%emt 00:02:22]} g4 {[%clk 00:34:54]} {[%emt 00:00:55]}
29. Bh4 {[%clk 00:35:55]} {[%emt 00:00:18]} Ne1+ {[%clk 00:31:24]} {[%emt
00:03:41]} 30. Kd2 {[%clk 00:35:55]} {[%emt 00:00:03]} Nxg2 {[%clk 00:31:24]}
{[%emt 00:00:10]} 31. Bg3 {[%clk 00:35:49]} {[%emt 00:00:15]} f4 {[%clk
00:19:35]} {[%emt 00:11:59]} 32. exf4 {[%clk 00:35:12]} {[%emt 00:00:48]} Nxf4
{[%clk 00:19:35]} {[%emt 00:00:02]} 33. Ke3 {[%clk 00:35:12]} {[%emt 00:00:02]}
Nh3 {[%clk 00:19:35]} {[%emt 00:00:06]} 34. Re6 {[%clk 00:34:32]} {[%emt
00:00:49]} Rf3+ {[%clk 00:18:40]} {[%emt 00:01:04]} 35. Kd4 {[%clk 00:34:18]}
{[%emt 00:00:24]} Kd7 {[%clk 00:15:27]} {[%emt 00:03:24]} 36. Rh6 {[%clk
00:31:42]} {[%emt 00:02:46]} Ng5 {[%clk 00:13:34]} {[%emt 00:02:03]} 37. Bh4
{[%clk 00:30:13]} {[%emt 00:01:39]} Rd3+ {[%clk 00:13:11]} {[%emt 00:00:33]} 38.
Kc4 {[%clk 00:30:10]} {[%emt 00:00:11]} Nf3 {[%clk 00:10:13]} {[%emt 00:03:10]}
39. Rxh7+ {[%clk 00:29:48]} {[%emt 00:00:32]} Kc6 {[%clk 00:10:13]} {[%emt
00:00:02]} 40. Rh6+ {[%clk 00:28:07]} {[%emt 00:01:51]} Rd6 {[%clk 00:10:13]}
{[%emt 00:00:01]} 41. Rh7 {[%clk 00:28:07]} {[%emt 00:00:03]} Nd2+ {[%clk
00:07:42]} {[%emt 00:02:41]} 42. Kc3 {[%clk 00:27:29]} {[%emt 00:00:48]} Rd3+
{[%clk 00:07:42]} {[%emt 00:00:03]} 43. Kc2 {[%clk 00:27:29]} {[%emt 00:00:09]}
Nxb3 {[%clk 00:07:42]} {[%emt 00:00:05]} 44. Bg3 {[%clk 00:26:49]} {[%emt
00:00:49]} Nd4+ {[%clk 00:06:36]} {[%emt 00:01:16]} 45. Kb2 {[%clk 00:26:42]}
{[%emt 00:00:17]} Rd2+ {[%clk 00:05:05]} {[%emt 00:01:41]} 46. Kc3 {[%clk
00:26:42]} {[%emt 00:00:09]} Rd3+ {[%clk 00:05:05]} {[%emt 00:00:02]} 47. Kb2
{[%clk 00:26:42]} {[%emt 00:00:01]} Nf5 {[%clk 00:04:06]} {[%emt 00:01:08]} 48.
Rxc7+ {[%clk 00:26:30]} {[%emt 00:00:22]} Kb6 {[%clk 00:04:06]} {[%emt
00:00:02]} 49. Rc4 {[%clk 00:25:19]} {[%emt 00:01:20]} Rd4 {[%clk 00:03:20]}
{[%emt 00:00:57]} 50. Rxd4 {[%clk 00:24:10]} {[%emt 00:01:19]} Nxd4 {[%clk
00:03:20]} {[%emt 00:00:01]} 51. Kc3 {[%clk 00:23:52]} {[%emt 00:00:28]} Ne2+
{[%clk 00:02:14]} {[%emt 00:01:16]} 52. Kc4 {[%clk 00:23:52]} {[%emt 00:00:01]}
Nxg3 {[%emt 00:00:50]} 53. hxg3 {[%clk 00:23:52]} {[%emt 00:00:03]} Ka5 {[%clk
00:01:36]} {[%emt 00:00:03]} 54. Kd4 {[%clk 00:23:43]} {[%emt 00:00:19]} Ka4
{[%clk 00:01:36]} {[%emt 00:00:03]} 55. Kxe4 {[%clk 00:23:43]} {[%emt
00:00:06]} Kxa3 {[%clk 00:01:36]} {[%emt 00:00:10]} 56. f4 {[%clk 00:23:35]}
{[%emt 00:00:18]} gxf3 {[%clk 00:01:36]} {[%emt 00:00:06]} 57. Kxf3 {[%clk
00:23:35]} {[%emt 00:00:06]} b5 {[%clk 00:01:36]} {[%emt 00:00:03]} 58. g4
{[%clk 00:23:35]} {[%emt 00:00:01]} b4 {[%clk 00:01:36]} {[%emt 00:00:02]} 59.
g5 {[%clk 00:23:35]} b3 {[%clk 00:01:36]} {[%emt 00:00:04]} 60. g6 {[%clk
00:23:35]} {[%emt 00:00:01]} b2 {[%clk 00:01:36]} {[%emt 00:00:03]} 61. g7
{[%clk 00:23:35]} b1=Q {[%clk 00:01:36]} {[%emt 00:00:02]} 62. g8=Q {[%emt
00:00:03]} Qb3 {[%clk 00:01:36]} 63. Qxb3+ {[%clk 00:23:35]} {[%emt 00:00:01]}
Kxb3 {[%clk 00:01:36]} 0-1

[Event "2024 US National High School (K-12) Championship"]
[Site "Baltimore, Maryland, United States"]
[Date "2024.04.05"]
[Round "2.2"]
[White "Chasin, Nico Werner"]
[Black "Hua, Charles"]
[Result "1-0"]
[TimeControl "G/90; d10"]
[WhiteTitle "IM"]
[WhiteFideId "30908477"]
[BlackFideId "2097400"]
[WhiteElo "2522"]
[BlackElo "2162"]

1. d4 {[%clk 01:23:17]} {[%emt 00:06:53]} Nf6 {[%clk 01:30:00]} {[%emt
00:00:11]} 2. c4 {[%clk 01:23:17]} {[%emt 00:00:05]} c5 {[%clk 01:29:56]}
{[%emt 00:00:13]} 3. d5 {[%clk 01:23:17]} {[%emt 00:00:05]} b5 {[%clk
01:29:56]} {[%emt 00:00:04]} 4. cxb5 {[%clk 01:23:17]} {[%emt 00:00:03]} a6
{[%clk 01:29:56]} {[%emt 00:00:05]} 5. bxa6 {[%clk 01:23:17]} {[%emt 00:00:03]}
g6 {[%clk 01:29:56]} {[%emt 00:00:05]} 6. Nc3 {[%clk 01:23:17]} {[%emt
00:00:04]} Bg7 {[%clk 01:29:56]} {[%emt 00:00:05]} 7. e4 {[%clk 01:23:17]}
{[%emt 00:00:03]} O-O {[%clk 01:29:56]} {[%emt 00:00:08]} 8. a7 {[%clk
01:23:17]} {[%emt 00:00:04]} Rxa7 {[%clk 01:29:43]} {[%emt 00:00:23]} 9. Nf3
{[%clk 01:23:17]} {[%emt 00:00:02]} Ba6 {[%clk 01:26:16]} {[%emt 00:03:37]} 10.
Bxa6 {[%clk 01:23:17]} {[%emt 00:00:03]} Nxa6 {[%clk 01:26:15]} {[%emt
00:00:10]} 11. O-O {[%clk 01:23:17]} {[%emt 00:00:03]} d6 {[%clk 01:26:13]}
{[%emt 00:00:13]} 12. Rb1 {[%clk 01:23:17]} {[%emt 00:00:01]} Qa5 {[%clk
01:24:24]} {[%emt 00:01:58]} 13. e5 {[%clk 01:23:15]} {[%emt 00:00:12]} Ng4
{[%clk 01:20:14]} {[%emt 00:04:20]} 14. exd6 {[%clk 01:23:15]} {[%emt
00:00:02]} exd6 {[%clk 01:20:05]} {[%emt 00:00:18]} 15. Bf4 {[%clk 01:23:15]}
{[%emt 00:00:01]} Rd8 {[%clk 01:17:22]} {[%emt 00:02:53]} 16. Nd2 {[%clk
01:21:44]} {[%emt 00:01:42]} Nh6 {[%clk 01:15:25]} {[%emt 00:02:07]} 17. Nde4
{[%clk 01:17:09]} {[%emt 00:04:44]} Rad7 {[%clk 01:10:09]} {[%emt 00:05:26]} 18.
Bxh6 {[%clk 01:17:09]} {[%emt 00:00:07]} Bxh6 {[%clk 01:09:59]} {[%emt
00:00:19]} 19. Nf6+ {[%clk 01:17:09]} {[%emt 00:00:02]} Kf8 {[%clk 01:09:27]}
{[%emt 00:00:42]} 20. Nxd7+ {[%clk 01:17:09]} {[%emt 00:00:03]} Rxd7 {[%clk
01:09:27]} {[%emt 00:00:06]} 21. Qg4 {[%clk 01:16:50]} {[%emt 00:00:29]} f5
{[%clk 01:04:57]} {[%emt 00:04:39]} 22. Qh4 {[%clk 01:16:39]} {[%emt 00:00:22]}
Kg7 {[%clk 01:02:36]} {[%emt 00:02:31]} 23. Rfe1 {[%clk 01:16:39]} {[%emt
00:00:01]} g5 {[%clk 00:56:47]} {[%emt 00:06:00]} 24. Qh3 {[%clk 01:16:39]}
{[%emt 00:00:02]} g4 {[%clk 00:56:47]} {[%emt 00:00:07]} 25. Qh5 {[%clk
01:16:34]} {[%emt 00:00:14]} Rf7 {[%clk 00:54:42]} {[%emt 00:02:15]} 26. Re6
{[%clk 01:16:34]} {[%emt 00:00:02]} Bd2 {[%clk 00:54:36]} {[%emt 00:00:15]} 27.
Rd1 {[%clk 01:16:34]} {[%emt 00:00:02]} Bf4 {[%clk 00:54:36]} {[%emt 00:00:07]}
28. g3 {[%emt 00:00:06]} 1-0

[Event "2024 US National High School (K-12) Championship"]
[Site "Baltimore, Maryland, United States"]
[Date "2024.04.05"]
[Round "2.3"]
[White "Heller, Jack"]
[Black "Hardaway, Brewington"]
[Result "0-1"]
[TimeControl "G/90; d10"]
[BlackTitle "FM"]
[WhiteFideId "30934451"]
[BlackFideId "30941849"]
[WhiteElo "2157"]
[BlackElo "2525"]

1. e4 {[%clk 01:30:00]} {[%emt 00:00:01]} e6 {[%clk 01:30:00]} {[%emt
00:00:04]} 2. d4 {[%clk 01:30:00]} {[%emt 00:00:06]} d5 {[%clk 01:30:00]}
{[%emt 00:00:03]} 3. Nc3 {[%clk 01:30:00]} {[%emt 00:00:08]} Nf6 {[%clk
01:30:00]} {[%emt 00:00:05]} 4. e5 {[%clk 01:30:00]} {[%emt 00:00:05]} Nfd7
{[%clk 01:30:00]} {[%emt 00:00:03]} 5. f4 {[%clk 01:30:00]} {[%emt 00:00:08]}
c5 {[%clk 01:30:00]} {[%emt 00:00:05]} 6. Nf3 {[%clk 01:30:00]} {[%emt
00:00:04]} Nc6 {[%clk 01:30:00]} {[%emt 00:00:04]} 7. Be3 {[%clk 01:30:00]}
{[%emt 00:00:05]} Qb6 {[%clk 01:29:26]} {[%emt 00:00:45]} 8. Na4 {[%clk
01:27:21]} {[%emt 00:02:50]} Qa5+ {[%clk 01:29:26]} {[%emt 00:00:08]} 9. c3
{[%clk 01:27:17]} {[%emt 00:00:14]} b6 {[%clk 01:29:10]} {[%emt 00:00:26]} 10.
a3 {[%clk 01:17:15]} {[%emt 00:10:12]} c4 {[%clk 01:28:11]} {[%emt 00:01:08]}
11. b4 {[%clk 01:16:55]} {[%emt 00:00:30]} cxb3 {[%clk 01:28:11]} {[%emt
00:00:07]} 12. Qxb3 {[%clk 01:16:55]} {[%emt 00:00:06]} Ba6 {[%clk 01:28:11]}
{[%emt 00:00:03]} 13. Kf2 {[%clk 01:04:26]} {[%emt 00:12:40]} Rc8 {[%clk
01:24:48]} {[%emt 00:03:33]} 14. Bxa6 {[%clk 00:48:37]} {[%emt 00:15:59]} Qxa6
{[%clk 01:24:48]} {[%emt 00:00:04]} 15. Rhb1 {[%clk 00:48:28]} {[%emt
00:00:19]} Na5 {[%clk 01:22:09]} {[%emt 00:02:49]} 16. Qb5 {[%clk 00:47:48]}
{[%emt 00:00:51]} Qxb5 {[%clk 01:21:17]} {[%emt 00:01:02]} 17. Rxb5 {[%clk
00:47:48]} {[%emt 00:00:03]} Rc4 {[%clk 01:21:09]} {[%emt 00:00:17]} 18. Nc5
{[%clk 00:36:35]} {[%emt 00:11:23]} Rxc3 {[%clk 01:18:46]} {[%emt 00:02:34]} 19.
Nxd7 {[%clk 00:34:00]} {[%emt 00:02:45]} Kxd7 {[%clk 01:18:38]} {[%emt
00:00:17]} 20. Bd2 {[%clk 00:33:36]} {[%emt 00:00:34]} Rc2 {[%clk 01:18:24]}
{[%emt 00:00:24]} 21. Ke3 {[%clk 00:32:46]} {[%emt 00:01:00]} Nc4+ {[%clk
01:17:30]} {[%emt 00:01:05]} 22. Kd3 {[%clk 00:32:33]} {[%emt 00:00:23]} Rb2
{[%clk 01:17:30]} {[%emt 00:00:03]} 23. a4 {[%clk 00:27:41]} {[%emt 00:05:02]}
Be7 {[%clk 01:16:48]} {[%emt 00:00:50]} 24. Kc3 {[%clk 00:26:40]} {[%emt
00:01:13]} Rxb5 {[%clk 01:16:45]} {[%emt 00:00:13]} 25. axb5 {[%clk 00:26:40]}
{[%emt 00:00:02]} Ra8 {[%clk 01:16:45]} {[%emt 00:00:07]} 26. Kb3 {[%clk
00:24:06]} {[%emt 00:02:44]} Kc7 {[%clk 01:13:07]} {[%emt 00:03:48]} 27. Bc3
{[%clk 00:20:05]} {[%emt 00:04:11]} h6 {[%clk 01:09:57]} {[%emt 00:03:21]} 28.
Ne1 {[%clk 00:17:48]} {[%emt 00:02:26]} Kb7 {[%clk 01:07:36]} {[%emt 00:02:31]}
29. Ra6 {[%clk 00:14:38]} {[%emt 00:03:20]} Rc8 {[%clk 01:06:08]} {[%emt
00:01:39]} 30. Nd3 {[%clk 00:13:59]} {[%emt 00:00:48]} Na3 {[%clk 01:05:42]}
{[%emt 00:00:37]} 31. Rxa3 {[%clk 00:05:07]} {[%emt 00:09:01]} Bxa3 {[%clk
01:05:42]} {[%emt 00:00:03]} 32. f5 {[%clk 00:04:42]} {[%emt 00:00:34]} Bf8
{[%clk 01:04:30]} {[%emt 00:01:23]} 33. Nf4 {[%clk 00:04:28]} {[%emt 00:00:24]}
Re8 {[%clk 01:04:30]} {[%emt 00:00:05]} 34. h4 {[%clk 00:03:01]} {[%emt
00:01:36]} Kc7 {[%clk 01:04:19]} {[%emt 00:00:21]} 35. h5 {[%clk 00:02:35]}
{[%emt 00:00:36]} Kd7 {[%clk 01:04:19]} {[%emt 00:00:08]} 36. g4 {[%clk
00:01:53]} {[%emt 00:00:52]} Be7 {[%clk 01:04:09]} {[%emt 00:00:20]} 37. Nd3
{[%clk 00:01:21]} {[%emt 00:00:42]} Bg5 {[%clk 01:03:51]} {[%emt 00:00:27]} 38.
Nb4 {[%clk 00:01:21]} {[%emt 00:00:11]} Rc8 {[%clk 01:03:40]} {[%emt 00:00:22]}
39. Nd3 {[%clk 00:00:30]} {[%emt 00:01:00]} Be3 {[%clk 01:03:40]} {[%emt
00:00:10]} 40. Nb2 {[%clk 00:00:25]} {[%emt 00:00:15]} Ra8 {[%clk 01:02:48]}
{[%emt 00:01:02]} 41. Na4 {[%clk 00:00:16]} {[%emt 00:00:19]} Kc7 {[%clk
01:02:24]} {[%emt 00:00:35]} 42. Kb4 {[%clk 00:00:16]} {[%emt 00:00:01]} Kb7
{[%clk 01:02:14]} {[%emt 00:00:20]} 43. Nb2 {[%clk 00:00:05]} {[%emt 00:00:21]}
a6 {[%clk 01:02:14]} {[%emt 00:00:03]} 0-1

[Event "2024 US National High School (K-12) Championship"]
[Site "Baltimore, Maryland, United States"]
[Date "2024.04.05"]
[Round "2.4"]
[White "Deviprasath, Sharvesh R"]
[Black "Moorhouse, Will"]
[Result "1-0"]
[TimeControl "G/90; d10"]
[WhiteTitle "FM"]
[WhiteFideId "30938228"]
[BlackFideId "30989531"]
[WhiteElo "2496"]
[BlackElo "2128"]

1. Nf3 {[%clk 01:28:48]} {[%emt 00:01:21]} d5 {[%clk 01:29:34]} {[%emt
00:00:38]} 2. e3 {[%clk 01:28:48]} {[%emt 00:00:08]} Nf6 {[%clk 01:27:53]}
{[%emt 00:01:50]} 3. c4 {[%clk 01:28:48]} {[%emt 00:00:10]} e6 {[%clk
01:27:21]} {[%emt 00:00:42]} 4. Nc3 {[%clk 01:27:20]} {[%emt 00:01:36]} c5
{[%clk 01:26:44]} {[%emt 00:00:48]} 5. cxd5 {[%clk 01:27:20]} {[%emt 00:00:06]}
exd5 {[%clk 01:26:40]} {[%emt 00:00:14]} 6. d4 {[%clk 01:27:20]} {[%emt
00:00:04]} Nc6 {[%clk 01:25:31]} {[%emt 00:01:19]} 7. Bb5 {[%clk 01:26:38]}
{[%emt 00:00:53]} Bd6 {[%clk 01:24:17]} {[%emt 00:01:23]} 8. O-O {[%clk
01:26:01]} {[%emt 00:00:46]} O-O {[%clk 01:20:51]} {[%emt 00:03:36]} 9. dxc5
{[%clk 01:26:01]} {[%emt 00:00:06]} Bxc5 {[%clk 01:20:47]} {[%emt 00:00:15]} 10.
b3 {[%clk 01:26:01]} {[%emt 00:00:01]} Bg4 {[%clk 01:01:52]} {[%emt 00:19:05]}
11. Bb2 {[%clk 01:25:52]} {[%emt 00:00:20]} Bb6 {[%clk 00:50:52]} {[%emt
00:11:10]} 12. Na4 {[%clk 01:25:13]} {[%emt 00:00:48]} Bc7 {[%clk 00:48:37]}
{[%emt 00:02:26]} 13. h3 {[%clk 01:24:13]} {[%emt 00:01:09]} Bh5 {[%clk
00:47:16]} {[%emt 00:01:31]} 14. Rc1 {[%clk 01:19:37]} {[%emt 00:04:47]} Qd6
{[%clk 00:41:08]} {[%emt 00:06:18]} 15. g4 {[%clk 01:17:37]} {[%emt 00:02:10]}
Nxg4 {[%clk 00:38:23]} {[%emt 00:02:55]} 16. hxg4 {[%clk 01:17:37]} {[%emt
00:00:02]} Bxg4 {[%clk 00:38:23]} {[%emt 00:00:01]} 17. Rxc6 {[%clk 01:16:41]}
{[%emt 00:01:06]} bxc6 {[%clk 00:33:48]} {[%emt 00:04:44]} 18. Qd4 {[%clk
01:16:41]} {[%emt 00:00:01]} Qg6 {[%clk 00:30:32]} {[%emt 00:03:27]} 19. Nh4
{[%clk 01:16:41]} {[%emt 00:00:06]} Qg5 {[%clk 00:28:11]} {[%emt 00:02:31]} 20.
f4 {[%clk 01:12:58]} {[%emt 00:03:53]} Qh6 {[%clk 00:27:37]} {[%emt 00:00:44]}
21. Bxc6 {[%clk 01:12:58]} {[%emt 00:00:02]} Rac8 {[%clk 00:22:15]} {[%emt
00:05:34]} 22. Bxd5 {[%clk 01:12:10]} {[%emt 00:00:58]} Bd8 {[%clk 00:20:45]}
{[%emt 00:01:40]} 23. Nf3 {[%clk 01:11:54]} {[%emt 00:00:25]} Rc2 {[%clk
00:17:55]} {[%emt 00:03:01]} 24. Rf2 {[%clk 01:09:22]} {[%emt 00:02:42]} Bxf3
{[%clk 00:12:18]} {[%emt 00:05:47]} 25. Bxf3 {[%clk 01:09:22]} {[%emt
00:00:01]} Rxf2 {[%clk 00:12:03]} {[%emt 00:00:26]} 26. Kxf2 {[%clk 01:08:26]}
{[%emt 00:01:05]} Bf6 {[%clk 00:11:08]} {[%emt 00:01:05]} 27. Qd2 {[%clk
01:08:02]} {[%emt 00:00:35]} Qh2+ {[%clk 00:07:36]} {[%emt 00:03:42]} 28. Bg2
{[%clk 01:08:02]} {[%emt 00:00:01]} Rd8 {[%clk 00:06:39]} {[%emt 00:01:07]} 29.
Qe2 {[%clk 01:08:02]} {[%emt 00:00:01]} Bxb2 {[%clk 00:03:54]} {[%emt
00:02:55]} 30. Nxb2 {[%clk 01:07:44]} {[%emt 00:00:27]} h5 {[%clk 00:03:54]}
{[%emt 00:00:10]} 31. Nc4 {[%clk 01:07:24]} {[%emt 00:00:29]} a5 {[%clk
00:03:27]} {[%emt 00:00:38]} 32. Nxa5 {[%clk 01:07:09]} {[%emt 00:00:25]} h4
{[%clk 00:03:16]} {[%emt 00:00:20]} 33. Kf1 {[%clk 01:06:50]} {[%emt 00:00:29]}
h3 {[%clk 00:01:15]} {[%emt 00:02:12]} 34. Bf3 {[%clk 01:06:50]} {[%emt
00:00:05]} Qg3 {[%clk 00:01:15]} {[%emt 00:00:09]} 35. Qf2 {[%clk 01:06:50]}
{[%emt 00:00:02]} Qxf2+ {[%clk 00:01:03]} {[%emt 00:00:22]} 36. Kxf2 {[%clk
01:06:50]} {[%emt 00:00:06]} Rd2+ {[%clk 00:00:42]} {[%emt 00:00:31]} 37. Kg3
{[%clk 01:06:50]} {[%emt 00:00:04]} Rxa2 {[%clk 00:00:41]} {[%emt 00:00:12]} 38.
Nc6 {[%clk 01:06:50]} {[%emt 00:00:06]} h2 {[%clk 00:00:27]} {[%emt 00:00:24]}
39. b4 {[%clk 01:05:39]} {[%emt 00:01:21]} Ra3 {[%clk 00:00:19]} {[%emt
00:00:18]} 40. Ne7+ {[%clk 01:05:11]} {[%emt 00:00:37]} Kf8 {[%clk 00:00:19]}
{[%emt 00:00:05]} 41. Nd5 {[%clk 01:05:11]} {[%emt 00:00:01]} 1-0

[Event "2024 US National High School (K-12) Championship"]
[Site "Baltimore, Maryland, United States"]
[Date "2024.04.05"]
[Round "2.5"]
[White "Sloan, Jed"]
[Black "Yesuntumur, Tugstumur"]
[Result "0-1"]
[TimeControl "G/90; d10"]
[WhiteTitle "CM"]
[BlackTitle "FM"]
[WhiteFideId "30932289"]
[BlackFideId "4902521"]
[WhiteElo "2153"]
[BlackElo "2478"]

1. e4 {[%clk 01:29:09]} {[%emt 00:00:59]} c5 {[%clk 01:30:00]} {[%emt
00:00:05]} 2. Nf3 {[%clk 01:29:09]} {[%emt 00:00:04]} e6 {[%clk 01:30:00]}
{[%emt 00:00:04]} 3. d4 {[%clk 01:29:09]} {[%emt 00:00:03]} cxd4 {[%clk
01:30:00]} {[%emt 00:00:04]} 4. Nxd4 {[%clk 01:29:09]} {[%emt 00:00:06]} Nc6
{[%clk 01:30:00]} {[%emt 00:00:10]} 5. Nc3 {[%clk 01:29:09]} {[%emt 00:00:04]}
Qc7 {[%clk 01:30:00]} {[%emt 00:00:04]} 6. Be2 {[%clk 01:29:08]} {[%emt
00:00:11]} a6 {[%clk 01:30:00]} {[%emt 00:00:08]} 7. Nxc6 {[%clk 01:28:44]}
{[%emt 00:00:34]} bxc6 {[%clk 01:29:24]} {[%emt 00:00:46]} 8. Qd3 {[%clk
01:28:20]} {[%emt 00:00:34]} Nf6 {[%clk 01:27:56]} {[%emt 00:01:38]} 9. Qg3
{[%clk 01:25:26]} {[%emt 00:03:04]} Qxg3 {[%clk 01:27:18]} {[%emt 00:00:49]} 10.
hxg3 {[%clk 01:25:01]} {[%emt 00:00:35]} d5 {[%clk 01:27:17]} {[%emt 00:00:11]}
11. g4 {[%clk 01:21:58]} {[%emt 00:03:13]} Bb7 {[%clk 01:20:03]} {[%emt
00:07:24]} 12. f3 {[%clk 01:17:28]} {[%emt 00:04:40]} Bd6 {[%clk 01:11:47]}
{[%emt 00:08:25]} 13. g5 {[%clk 01:07:58]} {[%emt 00:09:40]} Nd7 {[%clk
01:11:47]} {[%emt 00:00:10]} 14. Be3 {[%clk 01:05:48]} {[%emt 00:02:20]} c5
{[%clk 01:09:46]} {[%emt 00:02:11]} 15. O-O-O {[%clk 01:03:44]} {[%emt
00:02:13]} d4 {[%clk 01:09:12]} {[%emt 00:00:45]} 16. Nb1 {[%clk 01:02:11]}
{[%emt 00:01:44]} Ke7 {[%clk 01:07:15]} {[%emt 00:02:06]} 17. Bd2 {[%clk
00:59:28]} {[%emt 00:02:53]} Bc6 {[%clk 01:07:15]} {[%emt 00:00:06]} 18. Na3
{[%clk 00:55:33]} {[%emt 00:04:06]} Bb5 {[%clk 01:06:36]} {[%emt 00:00:48]} 19.
Bxb5 {[%clk 00:43:12]} {[%emt 00:12:32]} axb5 {[%clk 01:06:36]} {[%emt
00:00:07]} 20. Nxb5 {[%clk 00:43:12]} {[%emt 00:00:06]} Rxa2 {[%clk 01:05:42]}
{[%emt 00:01:04]} 21. Kb1 {[%clk 00:40:20]} {[%emt 00:03:02]} Ra6 {[%clk
01:05:37]} {[%emt 00:00:14]} 22. c4 {[%clk 00:35:34]} {[%emt 00:04:58]} Rha8
{[%clk 01:04:49]} {[%emt 00:00:57]} 23. Kc2 {[%clk 00:33:33]} {[%emt 00:02:11]}
Ra4 {[%clk 01:03:08]} {[%emt 00:01:51]} 24. Na3 {[%clk 00:28:08]} {[%emt
00:05:35]} Rb8 {[%clk 00:47:05]} {[%emt 00:16:13]} 25. Ra1 {[%clk 00:23:43]}
{[%emt 00:04:35]} g6 {[%clk 00:33:31]} {[%emt 00:13:45]} 26. b3 {[%clk
00:18:09]} {[%emt 00:05:43]} d3+ {[%clk 00:24:28]} {[%emt 00:09:13]} 27. Kb2
{[%clk 00:18:07]} {[%emt 00:00:12]} Rab4 {[%clk 00:23:46]} {[%emt 00:00:53]} 28.
Nb5 {[%clk 00:16:55]} {[%emt 00:01:22]} Be5+ {[%clk 00:23:46]} {[%emt
00:00:06]} 29. Bc3 {[%clk 00:16:51]} {[%emt 00:00:13]} Nb6 {[%clk 00:23:44]}
{[%emt 00:00:12]} 30. Ra7+ {[%clk 00:12:53]} {[%emt 00:04:08]} Kf8 {[%clk
00:22:46]} {[%emt 00:01:08]} 31. Rxh7 {[%clk 00:09:58]} {[%emt 00:03:05]} Nxc4+
{[%clk 00:22:46]} {[%emt 00:00:04]} 32. Ka2 {[%clk 00:09:08]} {[%emt 00:01:00]}
Kg8 {[%clk 00:19:45]} {[%emt 00:03:11]} 33. Rhxf7 {[%clk 00:08:16]} {[%emt
00:01:01]} R4xb5 {[%clk 00:18:47]} {[%emt 00:01:09]} 34. Bxe5 {[%clk 00:05:06]}
{[%emt 00:03:19]} Nxe5 {[%clk 00:18:47]} {[%emt 00:00:05]} 35. Rg7+ {[%clk
00:05:06]} {[%emt 00:00:08]} Kf8 {[%clk 00:18:47]} {[%emt 00:00:05]} 36. Rh7
{[%clk 00:05:06]} {[%emt 00:00:11]} R5b7 {[%clk 00:18:39]} {[%emt 00:00:18]} 37.
Rhxb7 {[%clk 00:04:35]} {[%emt 00:00:41]} Rxb7 {[%clk 00:18:39]} {[%emt
00:00:05]} 38. Rxb7 {[%clk 00:04:35]} {[%emt 00:00:11]} d2 {[%clk 00:18:39]}
{[%emt 00:00:02]} 39. Rb8+ {[%clk 00:04:18]} {[%emt 00:00:28]} Ke7 {[%clk
00:18:39]} {[%emt 00:00:04]} 40. Rb7+ {[%clk 00:04:18]} {[%emt 00:00:10]} Nd7
{[%clk 00:18:39]} {[%emt 00:00:08]} 0-1